000 02825cam a2200301 4500500
005 20260111150339.0
041 _afre
042 _adc
100 1 0 _ade Rapper, Gilles
_eauthor
245 0 0 _aKatjusha
260 _c2016.
500 _a100
520 _aCet article se propose de brosser le portrait de la photographe personnelle d’Enver Hoxha en mettant en évidence sa position unique et ambiguë, sur la frontière du public et du privé, au sein de l’organisation totalitaire de la production photographique. Cette unicité et cette ambiguïté peuvent être vues comme à l’origine de sa perception, par elle-même et par les autres, en tant que « figure d’exception », ce qui permet de poser la question du statut de l’exceptionnel dans l’Albanie communiste.
520 _aThis article is an attempt to draw the portrait of Enver Hoxha’s personal photographer as standing in a unique and ambiguous position – on the boundary between the public and the private – within the totalitarian organisation of photographic production. I consider uniqueness and ambiguity as a breeding ground for her recognition as a “figure d’exception”, by herself and by others. This leads me to question the status of the exceptional in Socialist Albania.
520 _aEste artículo se propone hacer el retrato de la fotógrafa personal de Enver Hoxha, poniendo de relieve su posición única y ambigua, en la frontera de lo público y de lo privado, en el marco de la organización totalitaria de la producción fotográfica. Esta unicidad y esta ambigüedad pueden ser vistas como siendo el origen de su percepción, por ella misma y por los otros, como « figura de excepción », lo que permite plantear el problema del estatuto de lo excepcional en la Albania comunista.
520 _aDieser Artikel setzt es sich zur Aufgabe, das Portrait der Fotografin von Enver Hoxha nachzuzeichnen. Der Artikel zeigt ihre einzigartige und widersprüchliche Position auf der Grenze zwischen der privaten und der öffentlichen Sphäre innerhalb der totalitären Organisation der Fotografie auf. Diese Einzigartigkeit und Widersprüchlichkeit können als Ursprung ihrer Eigenwahrnehmung und der Wahrnehmung durch Andere als “Ausnahmefigur” interpretiert werden. An dieser Stelle wird die Frage des Status des Außergewöhnlichen im kommunistischen Albanien gestellt.
690 _aAlbanie
690 _aCommunisme
690 _aIntimité
690 _aPhotographie
690 _aSecret
690 _aAlbania
690 _aPhotography
690 _aSecret Intimacy
690 _aSocialism
786 0 _nEthnologie française | 46 | 3 | 2016-07-05 | p. 415-424 | 0046-2616
856 4 1 _uhttps://shs.cairn.info/revue-ethnologie-francaise-2016-3-page-415?lang=fr&redirect-ssocas=7080
999 _c1637552
_d1637552